Business data communications and networking (Record no. 5516)
[ view plain ]
| 000 -LEADER | |
|---|---|
| fixed length control field | 01052 a2200229 4500 |
| 020 ## - INTERNATIONAL STANDARD BOOK NUMBER | |
| International Standard Book Number | 0130832383 |
| 040 ## - CATALOGING SOURCE | |
| Original cataloging agency | DLC |
| 082 ## - DEWEY DECIMAL CLASSIFICATION NUMBER | |
| Classification number | 004.6 |
| 100 1# - MAIN ENTRY--PERSONAL NAME | |
| Personal name | Panko, Raymond R. |
| 245 10 - TITLE STATEMENT | |
| Title | Business data communications and networking |
| Statement of responsibility, etc. | Raymond R. Panko. |
| 250 ## - EDITION STATEMENT | |
| Edition statement | 2nd ed. |
| 260 ## - PUBLICATION, DISTRIBUTION, ETC. | |
| Place of publication, distribution, etc. | Upper Saddle River, NJ : |
| Name of publisher, distributor, etc. | Prentice Hall, |
| Date of publication, distribution, etc. | 1999. |
| 300 ## - PHYSICAL DESCRIPTION | |
| Extent | 464 p. : |
| Other physical details | ill. |
| 500 ## - GENERAL NOTE | |
| General note | Rev. ed. of: Business data communications. c1997. |
| 500 ## - GENERAL NOTE | |
| General note | Includes index. |
| 520 1# - SUMMARY, ETC. | |
| Summary, etc. | "Constructed around a unique modular design (eight core chapters cover the central concepts of networking and eight advanced modules provide additional information), Business Data Communications and Networking, Second Edition introduces the student to the key topics and issues essential to networking professionals."--BK JACKET. |
| 650 #0 - SUBJECT ADDED ENTRY--TOPICAL TERM | |
| Topical term or geographic name entry element | Business enterprises |
| General subdivision | Computer networks |
| -- | Study guides. |
| 650 #0 - SUBJECT ADDED ENTRY--TOPICAL TERM | |
| Topical term or geographic name entry element | Computer networks |
| General subdivision | Management |
| -- | Study guides. |
| 650 #0 - SUBJECT ADDED ENTRY--TOPICAL TERM | |
| Topical term or geographic name entry element | Data transmission systems |
| General subdivision | Study guides. |
| 700 1# - ADDED ENTRY--PERSONAL NAME | |
| Personal name | Panko, R. R. |
| 942 ## - ADDED ENTRY ELEMENTS (KOHA) | |
| Koha item type | Book |
| Call number prefix | 004.6 PAN |
| Source of classification or shelving scheme | |
| Withdrawn status | Lost status | Damaged status | Not for loan | Collection code | Permanent Location | Current Location | Shelving location | Date acquired | Source of acquisition | Cost, normal purchase price | Total Checkouts | Full call number | Barcode | Date last seen | Price effective from | Koha item type |
|---|---|---|---|---|---|---|---|---|---|---|---|---|---|---|---|---|
| Central Library (CL) | Central Library (CL) | First Floor - Data Communication/Network/Architecture | 01/04/2002 | New Public Book | 1620.67 | 004.6 PAN | SEECS001653 | 11/14/2012 | 01/05/2017 | Book | ||||||
| Central Library (CL) | Central Library (CL) | First Floor - Data Communication/Network/Architecture | 01/16/2002 | Academic Book Company | 1880.73 | 004.6 PAN | SEECS001723 | 11/14/2012 | 01/05/2017 | Book |
